| 000 | 01215cam a2200301 4500 | ||
|---|---|---|---|
| 001 | WB3832-09 | ||
| 008 | 020903n2002 000 0 eng u | ||
| 035 | _a(Sirsi) u119543 | ||
| 245 | _aCross-border deals net 9.5bn euros | ||
| 260 | _c2002 | ||
| 490 |
_aEuroProperty _vSeptember 2002, 4(1) |
||
| 520 | _aAccording to Jones Lang LaSalle research, cross-border European property investment deals reached a total value of 9.5bn euros in the first six months of 2002. The level of transactions matches the first half of 2001, despite a 26% drop in office take-up and weaker leasing markets. The report "Cross-border real estate investment: more capital targeting Europe" survey is available free of charge from the agent's website - email registration is necessary first. http.://www.joneslanglasalle.co.uk/res_interim_reg/default.htm | ||
| 590 | _aWB | ||
| 650 | _aEUROPE | ||
| 650 | _aINVESTMENT | ||
| 650 | _aCROSS-BORDER PROPERTY DEALS | ||
| 650 | _aUNITED KINGDOM | ||
| 650 | _aFRANCE | ||
| 650 | _aSWEDEN | ||
| 650 | _aITALY | ||
| 650 | _aSPAIN | ||
| 650 | _aGERMANY | ||
| 650 | _aJONES LANG LASALLE | ||
| 650 | _aRESEARCH | ||
| 650 | _aREAL ESTATE | ||
| 690 | _aEUROPE | ||
| 942 | _n0 | ||
| 999 |
_c71071 _d71071 |
||